Kierkegaard
Guardado en:
| Autor principal: | |
|---|---|
| Formato: | Libro |
| Lenguaje: | español |
| Publicado: |
Buenos Aires
Losange
1956
|
| Colección: | Colección filósofos y sistemas, 4
|
| Materias: | |
| Etiquetas: |
Agregar Etiqueta
Sin Etiquetas, Sea el primero en etiquetar este registro!
|
MARC
| LEADER | 00000nam a2200000 a 4500 | ||
|---|---|---|---|
| 001 | UCZ1974 | ||
| 003 | CL-VaPUC | ||
| 008 | 950915e19560000AG |||||||||||||||||spa|d | ||
| 082 | 0 | 4 | |a 142.7 |b WAH |2 21 |
| 100 | 0 | |a Wahl, Jean André |e author |9 345669 | |
| 245 | 1 | 0 | |a Kierkegaard |
| 300 | |a 73 p | ||
| 942 | |c BK | ||
| 945 | |d 19950915 00:00:00 |a cmena | ||
| 260 | |a Buenos Aires |b Losange |c 1956 | ||
| 650 | 0 | |a Existencialismo |9 265698 | |
| 650 | 0 | |a Filosofía danesa |9 266957 | |
| 650 | 0 | |a Escuelas filosóficas |9 266232 | |
| 650 | 7 | |a FILOSOFIA SIGLO 19 |2 CL-VaPUC |9 315034 | |
| 583 | |a last modification |c 19950915 00:00:00 |k Rodrigo Vera | ||
| 490 | 0 | |a Colección filósofos y sistemas, 4 | |
| 999 | |c 238641 |d 238639 | ||
| 952 | |0 0 |1 0 |4 0 |6 142_700000000000000_WAH_1956 |7 0 |8 A |9 248975 |a BIBEDU |b BIBEDU |d 2019-11-18 |i 1562649 |o 142.7 WAH 1956 |p 1562649 |r 2019-11-18 |w 2019-11-18 |y BK |k FIL | ||